| 000 | 01375nam1a22002531i 4500 | ||
|---|---|---|---|
| 001 | rc\508788 | ||
| 005 | 20260407103519.0 | ||
| 035 | _a(NLR Aleph) 005810782 | ||
| 090 |
_a5384715 _c5384715 |
||
| 100 | _a20030616g19879999u |0rusy50 ca | ||
| 101 | 0 | _arus | |
| 102 | _aRU | ||
| 105 | _ay ||||||||| | ||
| 200 | 1 |
_aСовременные экспериментальные методы исследования процессов тепло- и массообмена _eМатериалы междунар. школы-семинара [май 1987 г. _fРедкол.: Р.И. Солоухин (отв. ред.) и др.] |
|
| 210 |
_aМинск _cИТМО _d1987- |
||
| 215 | _d20 | ||
| 300 | _aВ надзаг.: АН БССР, Ин-т тепло- и массообмена им. А.В. Лыкова, Междунар. центр акад. наук соц. стран для повышения квалификации науч. кадров по пробл. "Тепло- и массобмен" | ||
| 702 | 1 |
_4340 _7ca _8rus _aСолоухин _bР.И. _f1930-1988 _gРем Иванович _9210171 _3RU\NLR\AUTH\770210225 |
|
| 712 | 0 | 2 |
_aИнститут тепло- и массообмена им. А. В. Лыкова _cМинск _3RU\NLR\AUTH\889932471 _9360232 |
| 801 | 0 |
_aRU _bNLR _gpsbo |
|
| 801 | 1 |
_aRU _bELAR _2rusmarc |
|
| 852 |
_aNLR _j87-3/10398 |
||
| 942 | _cBOOK | ||